LEADER 01006nam a2200241 i 4500 001 000000194599 003 CaOOAMICUS 005 20150224000000.0 008 150224s1963 it u000 u ita u 013 $a173258 040 $aSeMil$bita 100 1 $aGallarati Scotti, Tommaso,$d<1878-1966>.$0(OLS)http://semarc/name/35356 245 10$aDue drammi e la Duse :$bEleonora Duse, Cosi sia, La moglie di Pilato /$cTommaso Gallarati Scotti. 260 $aMilano :$bMondadori,$c1963. 300 $a190 p. ;$c20 cm. 500 $aFondo card. Giovanni Colombo. 600 14$aGallarati Scotti, Tommaso <1878-1966>.$0(OLS)http://semarc/subject/9377 850 $aSeMil 852 $aSeMil$W1$xVenegono$y1$m3GC VI 186$j145170$B145170$CSeMilBibl$Z2$F156686 $8B 941 1 $a3 961 $aLascito: Colombo Card. Giovanni 996 $6245$aDue drammi e la Duse :$bEleonora Duse, Cosi sia, La moglie di Pilato$9(OLS)http://semarc/title/280602 996 $6260$aMilano :$bMondadori$9(OLS)http://semarc/publisher/30335 LEADER 01032nam a2200241 i 4500 001 000000199226 003 CaOOAMICUS 005 20110318000000.0 008 110318s1840 it u000 u ita u 013 $a177917 040 $aSeMil$bita 100 1 $aGerardi, Filippo .$0(OLS)http://semarc/name/72133 245 10$aElogio di Guendalina Talbot principessa Borghese /$cscritto da Filippo Gerardi ; con una elegia in morte della medesima del padre Antonio Buonfiglio C. R. somasco. 250 $a2. ed. 260 $aRoma :$b[s.n.],$c1840. 300 $a15 p. ;$c20 cm. 500 $aEstratti dall'Album distrib. 37 e 39 an. 8. 650 4$aTalbot Borghese, Guendalina.$0(OLS)http://semarc/subject/16642 773 0 $t[Miscellanea.$w()24571 850 $aSeMil 852 $aSeMil$W1$xVenegono$y1$m5B I 27/3 FA$j149779$B149779$CSeMilBibl$Z2$F161146 $8I 996 $6245$aElogio di Guendalina Talbot principessa Borghese$9(OLS)http://semarc/title/288072 996 $6260$aRoma :$b[s.n.]$9(OLS)http://semarc/publisher/29738